• 首页
  • 本馆介绍
  • 公告通知
  • 最新文献
  • 馆藏检索
  • 电子资源
  • 读者导购
  • 参考咨询
  • 我的图书馆
  • 登录
  • 详细信息显示
  • 放入我的书架
  • 预约/预借图书
  • 作者相关作品
  • 分类相关作品
  • 丛书相关作品
  • 出版社相关作品

书目信息

  • 表格格式
  • 工作单格式
  • 卡片格式
题名:
微机电系统及工程应用
    
 
作者: 莫锦秋 , 王石刚 , 梁庆华 编著
分册:  
出版信息: 北京   化学工业出版社  2015
页数: 191页
开本: 26cm
丛书名: 现代机电一体化技术丛书
单 册:
中图分类: TM38 , TM3
科图分类:
主题词: 电机--Wei Dian Ji
电子资源:
ISBN: 978-7-122-23883-2
000 01416nam 2200313 450
001 1658989187
005 20150804092034.4
010    @a978-7-122-23883-2@dCNY58.00
100    @a20150804d2015 em y0chiy50 ea
101 0  @achi
102    @aCN@b110000
105    @aa a 000yy
106    @ar
200 1  @a微机电系统及工程应用@AWei Ji Dian Xi Tong Ji Gong Cheng Ying Yong@f莫锦秋, 梁庆华, 王石刚编著
210    @a北京@c化学工业出版社@d2015
215    @a191页@c图@d26cm
225 2  @a现代机电一体化技术丛书@AXian Dai Ji Dian Yi Ti Hua Ji Shu Cong Shu
320    @a有书目
330    @a本书主要从普及的角度介绍了微机电系统及其相关技术的应用。全书共12章,分别对微机电系统的定义、起源及研究现状、制造技术、系统构成、设计技术进行了深入浅出、通俗易懂的介绍。本书的特点是信息量大、系统全面,包含了微机电系统制造过程中微机械加工、微封装、微检测各个环节;微机电系统构成中的各种微传感器、微执行器、微构件、微系统的工作机理;先进的微机电系统设计技术以及计算机辅助技术;多种设计手段和实用软件。
333    @a本书可供希望了解或采用微机电系统的工程技术人员阅读,也可作为机械工程类学生学习专业选修课的参考书。
410  0 @12001 @a现代机电一体化技术丛书
606 0  @a电机@AWei Dian Ji
690    @aTM38@v5
690    @aTM3@v4
701  0 @a莫锦秋@AMo Jin Qiu@4编著
701  0 @a王石刚@AWang Shi Gang@4编著
701  0 @a梁庆华@ALiang Qing Hua@4编著
801  0 @aCN@b江苏新华@c20150511
905    @aBZT@dTM3@e60
    
    微机电系统及工程应用/莫锦秋, 梁庆华, 王石刚编著.-北京:化学工业出版社,2015
    191页:图;26cm.-(现代机电一体化技术丛书)
    使用对象:本书可供希望了解或采用微机电系统的工程技术人员阅读,也可作为机械工程类学生学习专业选修课的参考书。
    
    ISBN 978-7-122-23883-2:CNY58.00
    本书主要从普及的角度介绍了微机电系统及其相关技术的应用。全书共12章,分别对微机电系统的定义、起源及研究现状、制造技术、系统构成、设计技术进行了深入浅出、通俗易懂的介绍。本书的特点是信息量大、系统全面,包含了微机电系统制造过程中微机械加工、微封装、微检测各个环节;微机电系统构成中的各种微传感器、微执行器、微构件、微系统的工作机理;先进的微机电系统设计技术以及计算机辅助技术;多种设计手段和实用软件。
●
相关链接 在五车中查询图书 在当当中查询图书 在豆瓣中查询图书


正题名:微机电系统及工程应用     索取号:TM3/60         预约/预借

序号 登录号 条形码 馆藏地/架位号 状态 备注
1 796979   2000796979   第二书库/ [索取号:TM3/60] 在馆    
2 796980   2000796980   第二书库/ [索取号:TM3/60] 在馆    
3 796981   2000796981   第二书库/ [索取号:TM3/60] 在馆    
山东省滨州职业学院图书馆 欢迎您!
大连网信软件有限公司© 版权所有